000 00928nam a22002057a 4500
005 20230920140023.0
010 _aHIN-126071
020 _a9789355324474
_c340.00
035 _aHN-98417
037 _bDBAD/PUB
082 _a420
100 _aवर्मा,कमल देव
_957119
245 _aहिंदी भाषा और शिक्षण शास्त्र
_cकमल देव वर्मा
260 _aतमिलनाडु ,
_bMcGraw Hill
_c2023
270 _aअंजना काम्प्लेक्स न.5/90ए , बट रोड , सत.थॉमस माउंट ,
_bचेन्नई
_e600016
300 _a373 पृ.
_b 24 सेमी (अजिल्द)
500 _aचतुर्थ संस्करण (वर्ग : I- VIII )
700 _957107
942 _2ddc
_cHN
_h420
_mवर्माक
_eचतुर्थ संस्करण
999 _c198461
_d198461